| 000 | 00615cam a22002414a 4500 | ||
|---|---|---|---|
| 003 | UPN | ||
| 005 | 20220527195112.0 | ||
| 008 | 090319s2006 mx r 000 f spa d | ||
| 020 | _a9685830487 | ||
| 035 | _aUPN01000169954 | ||
| 040 |
_aUPN _bspa _cUPN |
||
| 049 | _aCG | ||
| 050 | 4 |
_aCR4743 _bM3.9 |
|
| 100 | 1 | _aMason, Paul | |
| 245 | 1 | 0 |
_aYo, El templario / _cPaul Mason ; tr. Pablo Valle. |
| 260 |
_aMéxico : _bLumen, _c2006. |
||
| 300 | _a223 p. | ||
| 490 | 0 | _aNovela histórica | |
| 650 | 4 |
_aTemplarios _vNovela _917763 |
|
| 650 | 4 |
_aNovela histórica _914465 |
|
| 905 | _aLibro | ||
| 942 |
_2lcc _cLIBRO |
||
| 999 |
_c142060 _d142060 |
||